000
00192 a2200097 4500
020
_a
9780446691796
041
_a
eng
100
_a
Sparks, Nicholas
245
_a
Nights in Rodanthe
942
_c
BK
999
_c
31722
_d
31720